书目信息 |
| 题名: |
三国志
|
|
| 作者: | 陈寿 著 ;张婷婷 注释 | |
| 分册: | ||
| 出版信息: | 北京 民主与建设出版社有限责任公司 2020 |
|
| 页数: | 278页 | |
| 开本: | 24cm | |
| 丛书名: | 美绘国学书系 | |
| 单 册: | ||
| 中图分类: | K236.042 | |
| 科图分类: | ||
| 主题词: | 三国时代--古代史--纪传体 | |
| 电子资源: | ||
| ISBN: | 978-7-5139-3314-8 | |
| 000 | 01242oam2 2200289 450 | |
| 001 | 2365817374 | |
| 005 | 20230923181702.43 | |
| 010 | @a978-7-5139-3314-8@b精装@dCNY76.00 | |
| 100 | @a20210516d2020 em y0chiy50 ea | |
| 101 | 0 | @achi |
| 102 | @aCN@b110000 | |
| 105 | @aa z 000yy | |
| 200 | 1 | @a三国志@Asan guo zhi@f(晋)陈寿著@g张婷婷注释 |
| 210 | @a北京@c民主与建设出版社有限责任公司@d2020 | |
| 215 | @a278页@c彩图@d24cm | |
| 225 | 1 | @a美绘国学书系@i点墨人间 |
| 300 | @a彩绘版国学经典名著 | |
| 330 | @a本书是二十四史之一,是由晋朝西晋时期史学家陈寿所著,记载中国三国时期的纪传体史书,是二十四史中评价最高的“前四史”之一。三国志最早以《魏书》《蜀书》《吴书》三书单独流传。为了避免曹魏的《魏书》与南北朝时期北魏的《魏书》相互混淆,北宋王朝在咸平六年(1003年)将三书合为一书,最终成书。因此《三国志》是三国分立时期结束后文化重新整合的产物。此书完整地记叙了自汉末至晋初近百年间中国由分裂走向统一的历史全貌。 | |
| 461 | 0 | @12001 @a美绘国学书系 |
| 462 | 0 | @12001@a点墨人间 |
| 605 | @a《三国志》@x注释 | |
| 606 | 0 | @a三国时代@x古代史@j纪传体 |
| 690 | @aK236.042@v5 | |
| 701 | 0 | @c(晋)@a陈寿@Achen shou@f(233-297)@4著 |
| 702 | 0 | @a张婷婷@Azhang ting ting@4注释 |
| 801 | 0 | @aCN@b安徽时代@c20230923 |
| 905 | @aBZT@dK236.042@e14 | |
| 三国志/(晋)陈寿著/张婷婷注释.-北京:民主与建设出版社有限责任公司,2020 |
| 278页:彩图;24cm.-(美绘国学书系.点墨人间) |
| 彩绘版国学经典名著 |
| ISBN 978-7-5139-3314-8(精装):CNY76.00 |
| 本书是二十四史之一,是由晋朝西晋时期史学家陈寿所著,记载中国三国时期的纪传体史书,是二十四史中评价最高的“前四史”之一。三国志最早以《魏书》《蜀书》《吴书》三书单独流传。为了避免曹魏的《魏书》与南北朝时期北魏的《魏书》相互混淆,北宋王朝在咸平六年(1003年)将三书合为一书,最终成书。因此《三国志》是三国分立时期结束后文化重新整合的产物。此书完整地记叙了自汉末至晋初近百年间中国由分裂走向统一的历史全貌。 |
| ● |
| 相关链接 |
|
|
|
正题名:三国志
索取号:K236.042/14
 
预约/预借
| 序号 | 登录号 | 条形码 | 馆藏地/架位号 | 状态 | 备注 |
| 1 | 2000918815 | 2000918815 | 315书库/四34架A面2层5列/ [索取号:K236.042/14] | 在馆 | |
| 2 | 2000918816 | 2000918816 | 315书库/四34架A面2层5列/ [索取号:K236.042/14] | 在馆 | |
| 3 | 2000918817 | 2000918817 | 315书库/四34架A面2层5列/ [索取号:K236.042/14] | 在馆 | |
| 4 | 2000918818 | 2000918818 | 315书库/四34架A面2层5列/ [索取号:K236.042/14] | 在馆 | |
| 5 | 2000918819 | 2000918819 | 315书库/四34架A面2层5列/ [索取号:K236.042/14] | 在馆 | |
| 6 | 2000918820 | 2000918820 | 315书库/四34架A面2层5列/ [索取号:K236.042/14] | 在馆 |